Сто есета за Европа (Запис номер 63704)
[ съкратено ]
| 000 -Лидер | |
|---|---|
| Контролно поле с фиксирана дължина | 01430nam a2200325 c 4500 |
| 003 - Код на организацията, давaща контролен номер | |
| Контролно поле | BLK |
| 005 - Дата и час на последна редакция | |
| Контролно поле | 20180420223228.0 |
| 008 - Елементи от данни с фиксирана дължина | |
| fixed length control field | 180408b bul|||||r ||||||| ||bul|| |
| 010 ## - Наследен системен номер | |
| LC control number | KNG00067962000 |
| 020 ## - Международен стандартен номер на книга ISBN | |
| Международен стандартен номер на книга ISBN | 954-321-235-Х |
| -- | издат.: Изток-Запад |
| 040 ## - Източник на каталожния запис | |
| Идентификатор на билиотеката - собственик на записа | BLK |
| 041 ## - Код за език | |
| Код за езика на текст/звукозапис или на отделно заглавие | Български |
| Код за езика КДБФ | Български |
| 080 ## - УДК | |
| Текстов определител УДК | Социография. Социално положение. Условия на политическия и социалния живот. Социално и социално-икономическо положение на отделните страни, народи, раси. Социална география. (Общи въпроси) |
| УДК код - определител по УДК | 308 |
| УДК определител | (4-6) |
| УДК - код + определител | 308(4-6) |
| 100 1# - Редна дума - Автор | |
| Автор | Попов, Емил |
| Авторска отговорност | първи автор |
| R(LIN) | 291578 |
| 139 ## - Редно поле | |
| Редна дума | Попов, Емил |
| Авторски знак | Попов - П 76 |
| 245 10 - Сведения за заглавието | |
| Заглавие | Сто есета за Европа |
| Редно поле (дума) | Емил Попов. |
| 257 ## - Страна на издаване | |
| Страна на създаване/издаване | България |
| 260 ## - Област на издателските данни | |
| -- | София |
| Име на издателя, разпространителя и проч. | Изток-Запад |
| Година на издаване | 2006 |
| 300 ## - Физическа характеристика | |
| Страници | 239 с. |
| Размери/Мащаб | 20 см |
| 380 ## - Жанр | |
| Жанр | Обществени науки |
| 500 ## - Общи забележки | |
| Забележка | Офс. изд. - Съдържа и Брюкселска дантела или шарена черга / Александър Андреев |
| 650 #4 - Допълнително описание по предмет – тема | |
| Основно описание – тема или топоним | Европейски съюз |
| 9 (RLIN) | 258188 |
| 653 ## - Ключова дума – ненормативна | |
| Ключова дума | Европейски съюз |
| 653 ## - Ключова дума – ненормативна | |
| Ключова дума | есета |
| 852 ## - Местоположение | |
| Форматна сигнатура | Цб 229074 |
| 856 4# - Електронен адрес и достъп | |
| Електронен формат | pdf - файл |
| Път до файла /url/ | |
| 856 4# - Електронен адрес и достъп | |
| Електронен формат | pdf - файл |
| Път до файла /url/ | |
| 942 ## - АРТИКУЛИ | |
| Вид на библиотечния материал | Книги |
| Скрит в OPAC | Не |
| 944 ## - СЪЗДАВАНЕ И РЕДАКЦИЯ на ЗАПИСА | |
| Създаване/Редакция | Създаване |
| Дата на регистрацията/редакция | 18.09.2006 |
| Служител, извършил регистрацията/редакцията | Геновева_Генчева |
| 944 ## - СЪЗДАВАНЕ И РЕДАКЦИЯ на ЗАПИСА | |
| Създаване/Редакция | Редакция |
| Дата на регистрацията/редакция | 20.08.2007 |
| Служител, извършил регистрацията/редакцията | |
| 999 ## - СИСТЕМНИ КОНТРОЛНИ НОМЕРА | |
| Koha biblionumber | 63704 |
| Koha biblioitemnumber | 63704 |
| Код за отписване | Код за изгубен артикул | Източник на класификационната схема | Код за повреда | Коз за рестрикции | Код за отдаване | Артикулен № | Име на библиотеката - собственик | Име на библиотеката, в която се намира в момента | Статус (Текущо местоположение) | Дата на вписване в системата | Местоположение - отдел | Цена в лева | Инвентарен номер | Систематично азбучна сигнатура | Баркод | Номер на екземпляра | Цена в евро | Служебна бележка | Служебен тип на артикула |
|---|---|---|---|---|---|---|---|---|---|---|---|---|---|---|---|---|---|---|---|
| Изтеглен | Не е изгубен | Universal Decimal Classification | Не е повреден | без рестрикции | ползва се в читалня | 105566 | Регионална библиотека "Любен Каравелов" Русе | Регионална библиотека "Любен Каравелов" Русе | Читалня | 2006-09-18 | Читалня | 8.00 | 120000705128 | Ч 308(4)/П 76 | 120000705128 | 1 | 4.09 | Дост: Pk Вид: Ф N: 43449 Дата: 04.09.2006 Дата инв: 22.03.2017 Бележки инв: Ч2017 | Книги |
| Не е изгубен | Не е повреден | без рестрикции | ползва се в читалня | 105567 | Регионална библиотека "Любен Каравелов" Русе | Регионална библиотека "Любен Каравелов" Русе | Хранилище | 2007-08-07 | Хранилище | 8.00 | 120000716255 | Цб 229074 | 120000716255 | 2 | 4.09 | Дост: Dp Вид: Д N: 12 Дата: 01.03.2007 | Книги |